000 00413nam a2200121Ia 4500
008 220620s9999||||xx |||||||||||||| ||und||
245 0 _aCommunication
546 _aEnglish[eng]
650 _aDigital Media||Communication||Media Studies
700 _aBialski, Paula||Brunton, Finn||Bunz, Mercedes
856 _uhttps://library.oapen.org/bitstream/20.500.12657/37550/1/9783957961464-Communication.pdf
942 _cEB
999 _c31207
_d31207